Central Library OPAC University of Rajshahi

The Short prose reader / (Record no. 62192)

MARC details
000 -LEADER
fixed length control field 00882nam a2200277 a 4500
001 - CONTROL NUMBER
control field 62192
003 - CONTROL NUMBER IDENTIFIER
rucl marc code BD-RjUL
005 - DATE AND TIME OF LATEST TRANSACTION
control field 20211209081043.0
008 - FIXED-LENGTH DATA ELEMENTS--GENERAL INFORMATION
fixed length control field 170123r19851979nyu b 000 0 eng
020 ## - INTERNATIONAL STANDARD BOOK NUMBER
International Standard Book Number 0070440123 (pbk.) :
Terms of availability $11.50
035 ## - SYSTEM CONTROL NUMBER
System control number (BD-RjUL)62317
040 ## - CATALOGING SOURCE
Original cataloging agency DLC
Transcribing agency DLC
Modifying agency BD-RjUL
Language of cataloging eng
041 ## - LANGUAGE CODE
Language code of text/sound track or separate title eng
082 00 - DEWEY DECIMAL CLASSIFICATION NUMBER
Classification number 808.0427
Edition number 23
Author mark and year MUS 1985
245 04 - TITLE STATEMENT
Title The Short prose reader /
Statement of responsibility, etc. Gilbert H. Muller, Harvey S. Wiener.
250 ## - EDITION STATEMENT
Edition statement 3rd ed.
260 ## - PUBLICATION, DISTRIBUTION, ETC. (IMPRINT)
Place of publication, distribution, etc. New York :
Name of publisher, distributor, etc. McGraw-Hill,
Date of publication, distribution, etc. c1985.
300 ## - PHYSICAL DESCRIPTION
Pagination xxi, 382 p. ;
Size 21 cm.
504 ## - BIBLIOGRAPHY, ETC. NOTE
Bibliography, etc Bibliography: p. 379-382.
650 #0 - SUBJECT ADDED ENTRY--TOPICAL TERM
Topical term or geographic name as entry element College readers.
9 (RLIN) 178377
Topical term or geographic name as entry element English language
General subdivision Rhetoric
-- Problems, exercises, etc.
9 (RLIN) 184984
Topical term or geographic name as entry element Report writing
General subdivision Problems, exercises, etc.
9 (RLIN) 184985
700 1# - ADDED ENTRY--PERSONAL NAME
Personal name Muller, Gilbert H.,
Dates associated with a name 1941-
Personal name Wiener, Harvey S.
942 ## - ADDED ENTRY ELEMENTS (KOHA)
Source of classification or shelving scheme Dewey Decimal Classification
Koha item type Books
Holdings
Lost status Source of classification or shelving scheme Damaged status Not for loan Collection code Permanent Location Current Location Shelving location Date acquired Source of acquisition Total Checkouts Full call number Date last seen Copy number Koha item type
  Dewey Decimal Classification   Not For Loan Non-fiction Central Library, University of Rajshahi Central Library, University of Rajshahi Reading Room 20/06/1991 Asia Foundation   808.0427 MUS 1985 23/01/2017 C-1 Books